Normal view
MARC view
- Adler, Stephen L.
Entry Personal Name
001 - CONTROL NUMBER
- control field: 8794
003 - CONTROL NUMBER IDENTIFIER
- control field: NUST
005 - DATE AND TIME OF LATEST TRANSACTION
- control field: 20180118140619.0
008 - FIXED-LENGTH DATA ELEMENTS
- fixed length control field: 180118|| aca||aabn | a|a d
040 ## - CATALOGING SOURCE
- Original cataloging agency: NUST
- Transcribing agency: NUST
100 ## - HEADING--PERSONAL NAME
- Personal name: Adler, Stephen L.
670 ## - SOURCE DATA FOUND
- Source citation: Work cat.: (NUST)29499: Adler, Stephen L., Quantum theory as an emergent phenomenon :, 2004.
